000 00390 a2200169 4500
001 184046
020 _a85-282-4626-7
040 _cMagnum
100 _aCapdevila, Roser
240 1 0 _aOs amores da bruxa Onilda
_lpor
245 1 0 _aOs amores da bruxa Onilda
300 _a39
362 0 _a2002
440 1 _aScipione
697 _aLITERATURA INFANTO-JUVENIL ESTRANGEIRA
942 _cBK
999 _c184046
_d184046